000 00432nam a22001697a 4500
999 _c4045
_d4002
008 200302b ||||| |||| 00| 1 eng d
020 _a9752930654
041 _atur
050 _aPL248.D688
100 _91796
_aDoymuş, Namık
245 _aZafer Vaat Etmeyen Topraklar
250 _a1. Baskı
260 _aİstanbul:
_bDoğan Kitap,
_cŞubat 2003
300 _a258 Sayfa
650 0 _9145
_aTürk Edebiyatı
942 _2lcc
_cBK